|
|
|
|
| LEADER |
00905nam a22002658a 4500 |
| 001 |
00042798 |
| 005 |
20181107101139.0 |
| 008 |
171101s2017####-vm#################vie|d |
| 020 |
# |
# |
|c 70000
|a 978 604 961 247 3
|
| 041 |
0 |
# |
|a Chi - Vie
|
| 082 |
# |
# |
|a 495.1
|b T123V
|
| 100 |
1 |
# |
|a Chu, Hồng Hạnh
|e Chủ biên
|
| 245 |
1 |
0 |
|c Chu Hồng Hạnh (chủ biên)
|a Tập viết chữ Hán
|b Theo giáo trình Hán ngữ phiên bản mới
|
| 250 |
# |
# |
|a tái bản lần thứ 2
|
| 260 |
# |
# |
|a Hà Nội
|b Đại học Quốc gia Hà Nôi
|c 2018
|
| 300 |
# |
# |
|a 195 tr.
|c 27 cm.
|
| 653 |
# |
# |
|a Ngôn ngữ
|
| 653 |
# |
# |
|a Tiếng Hán
|
| 653 |
# |
# |
|a Tự học
|
| 653 |
# |
# |
|a Viết chữ
|
| 710 |
# |
# |
|a The ZhiShi
|
| 852 |
# |
# |
|j KM.0025645
|j KD.0022996
|
| 910 |
|
|
|d 22/10/2018
|
| 980 |
# |
# |
|a Trung tâm Học liệu Lê Vũ Hùng, Trường Đại học Đồng Tháp
|